| 000 | 00594nam a22001937a 4500 | ||
|---|---|---|---|
| 999 |
_c22662 _d22662 |
||
| 003 | AR-CdUCM | ||
| 008 | 190313b ||||| |||| 00| 0 spa d | ||
| 020 | _a9786123029586 | ||
| 040 |
_aMUNICIPALIDAD PROVINCIAL DEL CUSCO _cBIBLIOTECA MUNICIPAL DEL CUSCO |
||
| 082 |
_a869.56/F645D _bF645D _2primera |
||
| 100 |
_aFlores Vega, Jack _948817 |
||
| 245 |
_aDiario de batalla / _cJack Flores |
||
| 260 |
_aLima : _bEdit. San Marcos, _c2016. |
||
| 300 |
_a95 páginas ; _c21 cm. |
||
| 650 |
_aNovelas juveniles peruanas _948491 |
||
| 650 |
_aSiglo XX _948818 |
||
| 942 |
_2ddc _cLIBROS |
||
| 945 | _arac | ||